000 nam a22 7a 4500
999 _c9066
_d9066
008 180122b ||||| |||| 00| 0 eng d
100 _aSharma S. N
_95351
245 _aMental Mathematics
260 _aNew Delhi
_bGoyal Brothers
_c2009